| 000 | 00883cam a22002291i 4500 | ||
|---|---|---|---|
| 003 | SA-RiAUC | ||
| 005 | 20250104062943.0 | ||
| 008 | 250103s1991 iq g 000 0 ara c | ||
| 040 |
_aSA-JeALM _bara _cSA-RiAUC _erda |
||
| 082 | 0 | 4 |
_a251 _qSA-RiAUC |
| 090 |
_a251 _bز ل م |
||
| 100 | 1 |
_aالزلمي، مصطفى إبراهيم، _d1924-2016 _eمؤلف. |
|
| 245 | 1 | 0 |
_aأصول الفقه الإسلامي في نسيجه الجديد / _cتأليف مصطفى إبراهيم الزلمي. |
| 264 | 1 |
_aصنعاء : _bمركز عبادي للدراسات والنشر. _c1996 |
|
| 300 |
_a2 مجلد ؛ _c24 سم |
||
| 336 |
_aنص _btxt _2rdacontent _3كتاب |
||
| 337 |
_aبدون وسيط _bn _2rdamedia |
||
| 338 |
_aمجلد _bnc _2rdacarrier |
||
| 650 | 7 |
_aأصول الفقه الإسلامي _2aucsh |
|
| 942 |
_2ddc _cBOOK _n0 |
||
| 949 |
_aSA-JeALM _d250103 _umohamedma123 _n1 |
||
| 999 |
_c4419 _d4419 |
||